<?xml version="1.0" encoding="UTF-8"?>
<record
    xmlns:xsi="http://www.w3.org/2001/XMLSchema-instance"
    xsi:schemaLocation="http://www.loc.gov/MARC21/slim http://www.loc.gov/standards/marcxml/schema/MARC21slim.xsd"
    xmlns="http://www.loc.gov/MARC21/slim">

  <leader>01069nam a2200229Ia 4500</leader>
  <controlfield tag="003">IN-BaIIA</controlfield>
  <controlfield tag="008">211028s9999    xx            000 0 eng d</controlfield>
  <datafield tag="040" ind1=" " ind2=" ">
    <subfield code="c">IIA Library</subfield>
  </datafield>
  <datafield tag="080" ind1=" " ind2=" ">
    <subfield code="a">524.31.08</subfield>
    <subfield code="b">SAAS-13</subfield>
  </datafield>
  <datafield tag="111" ind1=" " ind2=" ">
    <subfield code="a">Advanced Course Astrophysical Procees in Upper Main Sequence Stars</subfield>
    <subfield code="n">13th</subfield>
    <subfield code="c">Switzerland</subfield>
    <subfield code="d">1983 Mar. 21-26</subfield>
    <subfield code="9">13211</subfield>
  </datafield>
  <datafield tag="245" ind1=" " ind2="0">
    <subfield code="a">Astrophysical procees in upper main sequence stars</subfield>
    <subfield code="b">thirteenth advanced course of the Swiss Society for Astrophysics and Astronomy was held at from Saas-Fee, Switzerland, 21 to 26 March 1983</subfield>
    <subfield code="c">edited by A. N. Cox, Vauclair S. and Zahn. J.-P.                                                   </subfield>
  </datafield>
  <datafield tag="260" ind1=" " ind2=" ">
    <subfield code="a">Switzerland</subfield>
    <subfield code="b">Geneva Observatory</subfield>
    <subfield code="c">1983</subfield>
  </datafield>
  <datafield tag="300" ind1=" " ind2=" ">
    <subfield code="a">329p.</subfield>
  </datafield>
  <datafield tag="490" ind1=" " ind2=" ">
    <subfield code="a">Society of the Swiss National Academy of Sciences advanced course; no. 13</subfield>
  </datafield>
  <datafield tag="650" ind1=" " ind2=" ">
    <subfield code="a">Astronomy and astrophysics thesaurus</subfield>
  </datafield>
  <datafield tag="650" ind1=" " ind2=" ">
    <subfield code="a">Intrinsic variable stars</subfield>
    <subfield code="9">13212</subfield>
  </datafield>
  <datafield tag="650" ind1=" " ind2=" ">
    <subfield code="a">Variables stars</subfield>
    <subfield code="9">13213</subfield>
  </datafield>
  <datafield tag="700" ind1=" " ind2=" ">
    <subfield code="a">Cox, A. N., ed.</subfield>
    <subfield code="9">13214</subfield>
  </datafield>
  <datafield tag="700" ind1=" " ind2=" ">
    <subfield code="a">Vauclair, S., ed.</subfield>
    <subfield code="9">13215</subfield>
  </datafield>
  <datafield tag="700" ind1=" " ind2=" ">
    <subfield code="a">Zahn. J.-P., ed.</subfield>
    <subfield code="9">13216</subfield>
  </datafield>
  <datafield tag="942" ind1=" " ind2=" ">
    <subfield code="c">BK</subfield>
  </datafield>
  <datafield tag="999" ind1=" " ind2=" ">
    <subfield code="c">7832</subfield>
    <subfield code="d">7832</subfield>
  </datafield>
  <datafield tag="952" ind1=" " ind2=" ">
    <subfield code="0">0</subfield>
    <subfield code="1">0</subfield>
    <subfield code="4">0</subfield>
    <subfield code="7">0</subfield>
    <subfield code="a">BAN</subfield>
    <subfield code="b">BAN</subfield>
    <subfield code="c">GEN</subfield>
    <subfield code="d">1984-01-19</subfield>
    <subfield code="l">0</subfield>
    <subfield code="o">524.31.08/ SAAS-13</subfield>
    <subfield code="p">8650</subfield>
    <subfield code="r">2021-11-05</subfield>
    <subfield code="w">1984-01-19</subfield>
    <subfield code="y">BK</subfield>
  </datafield>
</record>
